Southville International School and Colleges
Your cart is empty.
  • Cart
  • Lists
    Public lists Eva Luna New books Lux_list list_1
    Your lists Log in to create your own lists
  • Log in to your account
  • Your cookies
  • Search history
Southville International School and Colleges
  • Advanced search
  • Recent comments
  • Most popular
  • Libraries

Log in to your account

Log in with GOOGLE


If you do not have an external account, but do have a local account, you can still log in:

  1. Home
  2. MARC view: Ultimate guide to project management for small business :
Normal view MARC view ISBD view

Ultimate guide to project management for small business : (Record no. 291083)

[ view plain ]
MARC details
000 -LEADER
fixed length control field 00655nam a2200253Ia 4500
008 - FIXED-LENGTH DATA ELEMENTS--GENERAL INFORMATION
fixed length control field 160303s9999 xx 000 0 und d
020 ## - INTERNATIONAL STANDARD BOOK NUMBER
International Standard Book Number 1932531726
050 ## - LIBRARY OF CONGRESS CALL NUMBER
Classification number MAIN HD 69
050 ## - LIBRARY OF CONGRESS CALL NUMBER
Item number .P75K46 2005
100 ## - MAIN ENTRY--PERSONAL NAME
Personal name Kemp, Sid
245 ## - TITLE STATEMENT
Title Ultimate guide to project management for small business :
245 ## - TITLE STATEMENT
Remainder of title get it done right! /
245 ## - TITLE STATEMENT
Statement of responsibility, etc Sid Kemp.
260 ## - PUBLICATION, DISTRIBUTION, ETC. (IMPRINT)
Place of publication, distribution, etc [s.l.]
260 ## - PUBLICATION, DISTRIBUTION, ETC. (IMPRINT)
Name of publisher, distributor, etc Entrepreneur Media, Inc.
260 ## - PUBLICATION, DISTRIBUTION, ETC. (IMPRINT)
Date of publication, distribution, etc 2005
300 ## - PHYSICAL DESCRIPTION
Extent 410 pages :
300 ## - PHYSICAL DESCRIPTION
Other physical details illustrations ;
300 ## - PHYSICAL DESCRIPTION
Dimensions 26 cm.
500 ## - GENERAL NOTE
General note Includes index.
650 ## - SUBJECT ADDED ENTRY--TOPICAL TERM
Topical term or geographic name as entry element Project management.
650 ## - SUBJECT ADDED ENTRY--TOPICAL TERM
Topical term or geographic name as entry element Small business --
650 ## - SUBJECT ADDED ENTRY--TOPICAL TERM
General subdivision Management.
Holdings
Withdrawn status Lost status Damaged status Home library Current library Shelving location Date acquired Cost, normal purchase price Total Checkouts Full call number Barcode Date last seen Price effective from Koha item type
      South Mansfield College South Mansfield College Reserve Section   2.00   MAIN HD 69 .P75K46 2005 SMC03420 03/03/2016 03/03/2016  

Ultimate guide to project management for small business :

APA

Kemp S., .Ultimate guide to project management for small business. [s.l.]: .

Chicago

Kemp Sid, .Ultimate guide to project management for small business. [s.l.]: .

Harvard

Kemp S., .Ultimate guide to project management for small business. [s.l.]: .

MLA

Kemp Sid, .[s.l.]: . .

  • Place hold
  • Print
  • Cite
  • Add to your cart (remove)
  • Save record
    BIBTEX Dublin Core MARCXML MARC (non-Unicode/MARC-8) MARC (Unicode/UTF-8) MARC (Unicode/UTF-8, Standard) MODS (XML) RIS
  • More searches
    Search for this title in:
    Other Libraries (WorldCat) Other Databases (Google Scholar) Online Stores (Bookfinder.com) Open Library (openlibrary.org)

Exporting to Dublin Core...

SOUTHVILLE LIBRARY

Southville International School and Colleges Library

1281 Tropical Ave. Cor. Luxembourg St., BF Homes International, Las Pinas City

Tel. No. 8256374 / 252358 Loc. 117/146

Powered by Koha